000
00218nam a22000977a 4500
100
_a
Chandralekha, K.
245
_a
Rubberinoppam koonum
260
_b
Rubber, 685(June): 22-24.
_c
2023
700
_a
Asha John
942
_c
JS
999
_c
75017
_d
75017